|
|
|
|
| LEADER |
00000nab a2200000 ar4500 |
| 001 |
vtls008998099 |
| 003 |
SK-MaSNL |
| 005 |
20260303065831.0 |
| 008 |
070612c2007 xo mr|p|||||||000 b|slo |
| 015 |
|
|
|a SNBRB2007/06
|2 snkbucl
|
| 038 |
|
|
|a SNKBUCL
|
| 040 |
|
|
|a SNKBUCL
|b slo
|c SNKBUCL
|e AACR2
|
| 041 |
|
|
|a slo
|
| 044 |
|
|
|a xo
|c SK
|
| 080 |
|
|
|a 368.4:340.133
|2 1997
|
| 245 |
0 |
0 |
|a Úplné znenie zákona o sociálnom poistení
|
| 650 |
0 |
7 |
|a sociálne poistenie
|x zákony
|2 snkbucl
|9 21465
|
| 773 |
0 |
|
|t Daňový a účtovný poradca podnikateľa
|g Č. 8 (2007), s. 70-223
|x 1335-0897
|
| 852 |
|
|
|a SNK
|b KIS3GCP
|
| 999 |
|
|
|c 1752922
|d 1754852
|